| 000 | 00579nam a22001817a 4500 | ||
|---|---|---|---|
| 999 |
_c17249 _d17249 |
||
| 008 | 181008b xxu||||| |||| 00| 0 eng d | ||
| 020 | _a9350355480 | ||
| 040 |
_aKABU _cKABU |
||
| 050 |
_aKNS3760 _b.S24 2015 c. 1 |
||
| 100 | _aSaharay, Madhusudan | ||
| 245 |
_aTextbook on arbitration & conciliation with alternative dispute resolution _cMadhusudan Saharay |
||
| 250 | _a3rd ed. | ||
| 260 |
_aNew Delhi _bUniversal law publishing _c2015 |
||
| 300 | _alii, 303 p. | ||
| 650 | _aArbitration and award | ||
| 650 | _aDispute resolution | ||
| 942 |
_2lcc _cBK _e3rd _hKNS3760 |
||